000 00707cam a2200193Ia 4500
020 _a9789251062371
020 _a9251062374
040 _cUMC
082 _a305 FOO 2009 A015 Or.
100 1 _aAcker, David
245 1 0 _aEducation for rural people :
_bthe role of education, training and capacity development in poverty reduction and food security /
260 _aRome :
_bFood and Agriculture Organization of the United Nations,
_c2009
300 _axix, 130 p. :
_bill. (some col.) ;
_c24 cm
500 _aForeword by Jacques Diouf and Fanco Frattini
650 0 _aEducation, Rural
700 1 _aGasperini, Lavinia
710 2 _aFood and Agriculture Organization of the United Nations
942 _cEK
999 _c11552
_d11552